000 00531nam a2200193Ia 4500
005 20250507130245.0
008 008 250505s9999 xx 000 0 eng d
037 _aSeries Article
040 _aEASL
_beng
_cEASL
041 _aeng
_2eng
084 _qEASL
100 _aAsh Robert
245 0 _aHigh tide in jiangsu: a perspective from local sources of the time
260 _aUK
_bUK Cambridge Univesity Press UK
_c2006
300 _a743-753
650 _aChina
942 _cSRA
999 _c1318610
_d1318610